Inventaire de l'Egypte.

محفوظ في:

مؤلفون آخرون: Andreu-Lanoë, Guillemette., Aït-Kaci, Lili.

التنسيق: كتاب

اللغة: French

منشور في: France : Encyclopedia Universalis, 2010.

سلاسل: Inventaires (Encyclopædia Universalis (Firm)).

الموضوعات:

الوسوم: إضافة وسم

لا توجد وسوم, كن أول من يضع وسما على هذه التسجيلة!

رقم الطلب: DT46 .I7 2010

LEADER 00841namaa2200277 4500
001 19811
003 OSt
005 20250515064117.0
008 130303s2010 fr abf b 001 0 fre d
020 |a 9782852294125 
040 |c ARCE Library 
043 |a f-ua--- 
050 4 |a DT46 .I7 2010 
245 0 0 |a Inventaire de l'Egypte. 
264 1 |a France :   |b Encyclopedia Universalis,   |c 2010. 
300 |a 568 p., [30] p. of plates :   |b ill., maps, plates ;   |c 23 cm. 
490 0 |a Inventaires (Encyclopædia Universalis (Firm)). 
504 |a Includes bibliographical references and index. 
651 0 |a Egypt  |v Guidebooks. 
651 0 |a Egypt  |v Encyclopedias. 
651 0 |a Egypt  |v Description and travel. 
700 1 |a Andreu-Lanoë, Guillemette. 
700 1 |a Aït-Kaci, Lili.  |9 24961 
901 |a reviewed 
942 |c BK  |2 lcc 
999 |c 19180  |d 19180